[Event "CCL-E001"]
[Site "www.playchess.de"]
[Date "2000.08.02"]
[Round "3"]
[White "Khu"]
[Black "cmarine200"]
[WhiteElo "2000"]
[BlackElo "2000"]
[PlyCount "65"]
[Result "1/2-1/2"]

1.c4 c5 2.Nf3 Nf6 3.Nc3 d5 4.cxd5 Nxd5 5.e4 Nb4 
6.d3 Bg4 7.Bg5 f6 8.Be3 e5 9.Be2 Bxf3 10.gxf3 N8c6 
11.a3 Na6 12.Rc1 Nc7 13.O-O Ne6 14.Nb5 Qd7 15.f4 
Nxf4 16.Bg4 Qd8 17.Bxf4 exf4 18.Be6 a6 19.Nc3 Nd4 
20.Qg4 f3 21.e5 fxe5 22.Rce1 Qc7 23.Ne4 a5 24.Ng5 
Ra6 25.Kh1 h5 26.Bf7+ Kd8 27.Qe4 Rf6 28.Qxe5 Qxe5 
29.Rxe5 Bd6 30.Rd5 Kc7 31.b4 b6 32.Ne4 Rxf7 
33.Rxd6 1/2-1/2

[Event "CCL-E004"]
[Site "www.playchess.de"]
[Date "2000.08.29"]
[Round "10"]
[White "Generalen"]
[Black "tal"]
[WhiteElo "2000"]
[BlackElo "2000"]
[PlyCount "21"]
[Result "1-0"]

1.e4 e5 2.Nf3 Nc6 3.Nc3 Nf6 4.Bb5 Bb4 5.O-O O-O 
6.d3 d6 7.Bg5 Bxc3 8.bxc3 Qe7 9.Re1 Bg4 10.h3 Bh5 
11.Rb1 1-0